Ethnography in Northeast India & its Surrounding/ (Record no. 207663)

MARC details
000 -LEADER
fixed length control field 00583nam a22001817a 4500
005 - DATE AND TIME OF LATEST TRANSACTION
control field 20241212172121.0
010 ## - LCCN (DPL NO)
LC control number ENG-142997
020 ## - INTERNATIONAL STANDARD BOOK NUMBER
International Standard Book Number 9789385839023
Terms of availability 795.00
035 ## - SYSTEM CONTROL NUMBER
System control number EN-126529
037 ## - SOURCE OF ACQUISITION
Source of stock number/acquisition DBAD
082 ## - DEWEY DECIMAL CLASSIFICATION NUMBER
Classification number 308.891411
245 ## - TITLE STATEMENT
Title Ethnography in Northeast India & its Surrounding/
Statement of responsibility, etc Edited by H. Sudhir
260 ## - PUBLICATION, DISTRIBUTION, ETC. (IMPRINT)
Place of publication, distribution, etc Guwahati
Name of publisher, distributor, etc DVS Publishers
Date of publication, distribution, etc 2016
270 ## - ADDRESS
Address H.B. Road Panbazar
City Guwahati
Postal code 781001
Telephone number 2638295
Fax number 0361-2511789
Electronic mail address dvspub@gmail.com
300 ## - PHYSICAL DESCRIPTION
Extent 280p.
Dimensions 22cm(Hb)
700 ## - ADDED ENTRY--PERSONAL NAME
Personal name Sudhir, H.
9 (RLIN) 75115
942 ## - ADDED ENTRY ELEMENTS (KOHA)
Source of classification or shelving scheme Dewey Decimal Classification
Item type English Books
Call number suffix ETH
Classification part 308.891411
Holdings
Withdrawn status Lost status Not for loan Collection code Home library Current library Date acquired Source of acquisition Cost, normal purchase price Full call number Barcode Copy number Cost, replacement price Koha item type
      Non-fiction Ashok Vihar Ashok Vihar 12/12/2024 Delivery of Books Division 795.00 ETH 308.891411 EN-126529 1 795.00 English Books

© Delhi Public Library
Hit Counter
free hit counter